The adaptation of UK planning and pollution control policy (Record no. 79912)

MARC details
000 -LEADER
fixed length control field 01205cab a22002055a 4500
001 - CONTROL NUMBER
control field L142698
008 - FIXED-LENGTH DATA ELEMENTS--GENERAL INFORMATION
fixed length control field 080229s2007 xxk 000 0 eng d
035 ## - SYSTEM CONTROL NUMBER
System control number (Sirsi) u142698
041 0# - LANGUAGE CODE
Language code of text/sound track or separate title eng
100 1# - MAIN ENTRY--PERSONAL NAME
Personal name Miller, Christopher
245 04 - TITLE STATEMENT
Title The adaptation of UK planning and pollution control policy
260 ## - PUBLICATION, DISTRIBUTION, ETC.
Date of publication, distribution, etc. 2008
490 ## - SERIES STATEMENT
Series statement Town Planning Review
Volume/sequential designation 78(5) 2007, 597-618(22)
520 ## - SUMMARY, ETC.
Summary, etc. Reviews policies relating to pollution control and planning. Argues that UK government policy over the previous 30 years has been to abdicate responsibility for these issues. It has promoted that use of planning powers to control pollution and urged that these remain separate from other agencies. Planning control policy now operates within the context of EU policies. Argues that because government does now wish to allow local planning authorities to stunt economic development, insufficient attention is being given to the prevention of pollution. Suggests that clarification of environmental objectives is essential if planning is to help mitigate pollution.
590 ## - LOCAL NOTE (RLIN)
Local note KA
651 #4 - SUBJECT ADDED ENTRY--GEOGRAPHIC NAME
Geographic name United Kingdom
Chronological subdivision
690 ## - LOCAL SUBJECT ADDED ENTRY--TOPICAL TERM (OCLC, RLIN)
Topical term or geographic name as entry element Planning and development
9 (RLIN) 6259
700 1# - ADDED ENTRY--PERSONAL NAME
Personal name Wood, Christopher
942 ## - ADDED ENTRY ELEMENTS (KOHA)
Suppress in OPAC 0
Holdings
Withdrawn status Lost status Source of classification or shelving scheme Damaged status Not for loan Home library Current library Shelving location Date acquired Total Checkouts Full call number Barcode Date last seen Copy number Price effective from Koha item type
    Dewey Decimal Classification     London London Journal article 29/02/2008   L142698 142698-1001 06/08/2019 1 06/08/2019 Journal article